书目信息 |
| 题名: |
对德意志民族的演讲
|
|
| 作者: | 费希特 ;梁志学、沈真 译 | |
| 分册: | ||
| 出版信息: | 沈阳 辽宁教育出版社 2003 |
|
| 页数: | 234页 | |
| 开本: | 19cm | |
| 丛书名: | ||
| 单 册: | ||
| 中图分类: | B516.33 | |
| 科图分类: | ||
| 主题词: | 哲学--欧洲 | |
| 电子资源: | ||
| ISBN: | 7-5382-6491-4 | |
| 000 | 00626nam0 2200193 450 | |
| 001 | 0728815141 | |
| 005 | 20070819080015.14 | |
| 010 | @a7-5382-6491-4@d¥13.00 | |
| 100 | @a20070819d km y0chiy0120 ea | |
| 101 | 0 | @achi |
| 200 | 1 | @a对德意志民族的演讲@Adui de yi zhi min zu de yan jiang@f费希特@Ffei xi te@g梁志学、沈真等译@Gliang zhi xue、shen zhen deng yi |
| 210 | @a沈阳@c辽宁教育出版社@d2003 | |
| 215 | @a234页@d19cm | |
| 606 | 0 | @a哲学@x欧洲 |
| 690 | @aB516.33@v3 | |
| 701 | 0 | @a费希特@Afei xi te |
| 702 | 0 | @a梁志学、沈真@Aliang zhi xue、shen zhen@4译 |
| 801 | 0 | @aCN@bPFT@c20070819 |
| 905 | @a213230@dB516.33@eZW201@f1 | |
| 对德意志民族的演讲/费希特/梁志学、沈真等译.-沈阳:辽宁教育出版社,2003 |
| 234页;19cm |
| ISBN 7-5382-6491-4:¥13.00 |
| ● |
| 相关链接 |
|
|
|
|
正题名:对德意志民族的演讲
索取号:B516.33/ZW201
 
预约/预借
| 序号 | 登录号 | 条形码 | 馆藏地/架位号 | 状态 | 备注 |
| 1 | 7600336 | 276003361 | 密集书库-资源管理系/ [索取号:B516.33/ZW201] | 在馆 |